Αρχαία ελληνική τραγωδία
Saved in:
| Main Author: | |
|---|---|
| Other Authors: | |
| Format: | Book |
| Language: | Greek French |
| Published: |
Αθήνα :
1990.
|
| Subjects: | |
| Tags: |
Add Tag
No Tags, Be the first to tag this record!
|
MARC
| LEADER | 00000cam a2200000 i 4500 | ||
|---|---|---|---|
| 001 | 1/104848 | ||
| 008 | 950606s1990 gr | ||| |||| ||gre|| | ||
| 035 | |l 10013427 | ||
| 040 | |a GR-MyUA |b gre |e AACR2 | ||
| 041 | 1 | |a gre |h fre | |
| 100 | 1 | |a Romilly, Jacqueline de. | |
| 245 | 1 | 0 | |a Αρχαία ελληνική τραγωδία / |c Jacqueline de Romilly ; μετάφραση Ελ. Δαμιανού - Χαραλαμποπούλου ; Πρόλογος, γλωσσική επεξεργασία και βιβλιογραφική ενημέρωση υπό Βασ. Γ. Μανδηλάρα. |
| 260 | |a Αθήνα : |c 1990. | ||
| 300 | |a 174 σ. | ||
| 500 | |a Τίτλος πρωτοτύπου: La tragedie Greque. | ||
| 650 | 0 | 0 | |a Greek drama (Tragedy) |x History and criticism. |
| 700 | 1 | |a Χαραλαμποπούλου-Δαμιανού, Ελένη Α. |e trlf | |
| 852 | |a INST |b LESVOS |e 19950606 |h 882.0109 ROM |p 005100005103 |q 005100005103 |t BK |y 0 | ||
| 909 | |a Λ |b 019469 | ||